Designing the natural lanscape /

Bibliographic Details
Main Author: AUSTIN, Richard L
Format: Book
Published: New York: Van Nostrand Reinhold Co, 1984.
Subjects:
LEADER 00699cam a2200241 7i4500
001 0000059350
005 20151104090000.0
005 ##20151104181100.0
002 ##000004674
003 ##MY-KlINT
008 151104 00010 eng
020 # # |a 0442209789  
039 # 9 |y 201511041811  |z VLOAD 
090 0 0 |a 712 AUS  
100 1 # |a AUSTIN, Richard L 
245 0 0 |a Designing the natural lanscape /   |c Richard L Austib=n.. 
260 # # |a New York:   |b Van Nostrand Reinhold Co,   |c 1984. 
300 # # |a 117p; 21cm. 
650 # 0 |a Lanscape architecture  
996 |a ikwas2000.out 
997 |a 3000048805  |b IKWS  |c MNF  |d BOK 
998 |a 0000006343 
999 |a 3000048805  |b BOOK  |c Main Non-Fiction  |e INTAN Kampus Wilayah Selatan